000
00276nam a2200109Ia 4500
008
230320s9999||||xx |||||||||||||| ||spa||
082
_a
193/S31
100
_a
Schelling
245
0
_a
La Relacion De Las Artes Figurativas Con La Naturaleza
260
_b
Aguilar
942
_8
0
_c
LIB
999
_c
26361
_d
26361